Estadísticas para Máximos goleadores Conference League

Haz click aquí para intentar la prueba.

Estadísticas generales

  • Esta prueba ha sido intentada 3 veces
  • La puntuación promedio es 3 de 9

Estadísticas de respuestas

Nº golesNacionalidadJugador% Correcto
21BrasilArthur Cabral
100%
10NoruegaAmahl Pellegrino
33%
10BélgicaCyriel Dessers
33%
12IsraelEran Zahavi
33%
13NigeriaGift Orban
33%
16BélgicaHugo Cuypers
33%
15GreciaVangelis Pavlidis
33%
11ColombiaLuis Sinisterra
0%
14Cabo VerdeRicardo Gomes
0%

Distribución de puntuación

Porcentaje por número respondido

Porcentaje de gente con cada puntuación

Historial de tus puntuaciones

No has intentado esta prueba.